| 000 | 00472nam a22001817a 4500 | ||
|---|---|---|---|
| 003 | CEME | ||
| 005 | 20210628203259.0 | ||
| 008 | 210204b xxu||||| |||| 00| 0 eng d | ||
| 020 | _a818845818X | ||
| 040 | _c. | ||
| 082 | _a621.3848 GAU | ||
| 100 |
_aGautam, A.K _964470 |
||
| 245 | _aMicrowave and radar engineering | ||
| 260 |
_aDELHI _bS.K. KATARIA & SONS _c2010 |
||
| 300 | _a484P | ||
| 650 |
_aRADAR ENGINEERING , MICROWAVE ENGINEERING _964471 |
||
| 942 |
_cBK _2ddc |
||
| 999 |
_c572948 _d572948 |
||